01534cam a22003134i 4500003000900000005001700009008004100026035001900067040003300086082001700119100003900136245006600175264003000241336002100271337002500292338002300317505078400340526001001124526001001134526001001144526001001154526000801164526000801172526000801180526000801188526000801196526000801204526000801212PE-LiUPU20250731173212.0150625s r 000 0 d a(Sirsi) a32363 aPE-LiUPUbspacPE-LiUPUerda04a203bB122211 aBaker Girdlestone, Robert,eautor.10aSinonimos del antiguo testamento /cRobert Baker Girdlestone. 1aBarcelona :bClie,c1986. atext2rdacontent aunmediated2rdamedia avolume2rdacarrier0 aAcerca de la traducción. - Los nombres de Dios. - Los nombres del hombre. - Alma y espiritu. - Corazón, voluntad, conciencia, entendimiento. - Pecado. - Arrepentimiento, conversión, enmienda. - Perfección. - Justicia, fe , esperanza. - Gracia, misericordia, amor. - Redención y salvación. - Expiación, perdon, aceptación. - Purificación, bautismo. - Justificación. - Santificación, unción. - Ofrendas, altar. - Palabra, ley, pacto. - Adorar, alabar, predicar. - Templo, tabernaculo, congregación, iglesia. - Profeta, sacerdote, anciano, ministro. - Rey, juez, castigar. - Nación, pueblo. - Tierra, mundo, cielo. - Destrucción, muerte, infierno. - Satanas, tentador. - Hechicería, adivinación. - Idolo, bosque, lugar alto, Eterno, siglo venidero. aSEG42 aSEG41 aSEG40 aSEG39 aP94 aP87 aP86 aP85 aP77 aP76 aP35